| 000 | 00715 a2200181 4500 | ||
|---|---|---|---|
| 020 | _a3540302654 | ||
| 020 | _a9783540302650 | ||
| 082 | _a004.1 | ||
| 090 |
_c1035 _d1035 |
||
| 100 | 1 | _aHayashi, Masahito. | |
| 245 | 1 | 0 |
_aQuantum information : _ban introduction / _cMasahito Hayashi. |
| 260 |
_a[S.l.] : _bSpringer, _c2006. |
||
| 300 |
_a438 p. ; _c24 cm. |
||
| 700 | _aHayashi, Masahito. | ||
| 942 |
_aSNS _cBK _k004.1 HAY |
||
| 999 |
_c29653 _d29653 |
||